Public economics : (Record no. 3507)
[ view plain ]
| 000 -LEADER | |
|---|---|
| fixed length control field | 01145cam a2200313 a 4500 |
| 001 - CONTROL NUMBER | |
| control field | 2548864 |
| 003 - CONTROL NUMBER IDENTIFIER | |
| control field | OSt |
| 005 - DATE AND TIME OF LATEST TRANSACTION | |
| control field | 20160413160345.0 |
| 008 - FIXED-LENGTH DATA ELEMENTS--GENERAL INFORMATION | |
| fixed length control field | 940426s1994 enka b 000 0 eng c |
| 010 ## - LIBRARY OF CONGRESS CONTROL NUMBER | |
| LC control number | 94151011 |
| 020 ## - INTERNATIONAL STANDARD BOOK NUMBER | |
| International Standard Book Number | 0521454395 |
| 040 ## - CATALOGING SOURCE | |
| Original cataloging agency | DLC/CU |
| Transcribing agency | CU |
| Modifying agency | DLC |
| 042 ## - AUTHENTICATION CODE | |
| Authentication code | lcnccp |
| 050 00 - LIBRARY OF CONGRESS CALL NUMBER | |
| Classification number | HB71 |
| Item number | .V47 1994 |
| 082 ## - DEWEY DECIMAL CLASSIFICATION NUMBER | |
| Classification number | 336 |
| Item number | VIC 1994 |
| 100 1# - MAIN ENTRY--PERSONAL NAME | |
| Personal name | Vickrey, William S. |
| Fuller form of name | (William Spencer), |
| Dates associated with a name | 1914- |
| 9 (RLIN) | 7832 |
| 245 10 - TITLE STATEMENT | |
| Title | Public economics : |
| Remainder of title | selected papers by William Vickrey / |
| Statement of responsibility, etc. | edited by Richard Arnott ... [et al.]. |
| 260 ## - PUBLICATION, DISTRIBUTION, ETC. (IMPRINT) | |
| Place of publication, distribution, etc. | Cambridge : |
| Name of publisher, distributor, etc. | Cambridge University Press, |
| Date of publication, distribution, etc. | 1994. |
| 300 ## - PHYSICAL DESCRIPTION | |
| Extent | 558 p. : |
| Other physical details | ill. ; |
| Dimensions | 26 cm. |
| 504 ## - BIBLIOGRAPHY, ETC. NOTE | |
| Bibliography, etc | "Bibliography of William Vickrey": p. 530-558. |
| 650 #0 - SUBJECT ADDED ENTRY--TOPICAL TERM | |
| Topical term or geographic name as entry element | Economics. |
| 9 (RLIN) | 975 |
| 650 #0 - SUBJECT ADDED ENTRY--TOPICAL TERM | |
| Topical term or geographic name as entry element | Finance. |
| 9 (RLIN) | 5401 |
| 700 1# - ADDED ENTRY--PERSONAL NAME | |
| Personal name | Arnott, Richard. |
| 9 (RLIN) | 7833 |
| 856 42 - ELECTRONIC LOCATION AND ACCESS | |
| Materials specified | Publisher description |
| Uniform Resource Identifier | http://www.loc.gov/catdir/description/cam026/94151011.html |
| 856 41 - ELECTRONIC LOCATION AND ACCESS | |
| Materials specified | Table of contents |
| Uniform Resource Identifier | http://www.loc.gov/catdir/toc/cam021/94151011.html |
| 906 ## - LOCAL DATA ELEMENT F, LDF (RLIN) | |
| a | 7 |
| b | cbc |
| c | nccpada |
| d | 2 |
| e | ncip |
| f | 19 |
| g | y-gencatlg |
| 942 ## - ADDED ENTRY ELEMENTS (KOHA) | |
| Source of classification or shelving scheme | Dewey Decimal Classification |
| Koha item type | Short Loan |
| Withdrawn status | Lost status | Source of classification or shelving scheme | Damaged status | Not for loan | Home library | Current library | Date acquired | Inventory number | Total Checkouts | Full call number | Barcode | Date last seen | Price effective from | Koha item type | Source of acquisition |
|---|---|---|---|---|---|---|---|---|---|---|---|---|---|---|---|
| Dewey Decimal Classification | MUST Main Library | MUST Main Library | 13/04/2016 | 2001/14879 | 336 PUB 1994 | 2016-0801 | 13/04/2016 | 13/04/2016 | Short Loan | ||||||
| Dewey Decimal Classification | MUST Main Library | MUST Main Library | 28/08/2024 | 2001/15605 | 336 PUB 1994 | 2024-22287 | 28/08/2024 | 28/08/2024 | Open Shelf | Donation |
